Per Sant Jordi descobreix llibres únics
Descripción Física:
1 punt de llibre : il·lustracions ; 23 x 6 cm
Idioma:
Catalán
MARC
| LEADER | 00000nrm a22000007a 4500 | ||
|---|---|---|---|
| 001 | 25609 | ||
| 008 | 220523b spa||||| |||| 00| 0 cat d | ||
| 017 | |a DL B 10791-2017 | ||
| 080 | |a NBM-13-135 | ||
| 245 | |a Per Sant Jordi descobreix llibres únics | ||
| 260 | |a Barcelona : |b Diputació de Barcelona, |c 2017 | ||
| 300 | |a 1 punt de llibre : |b il·lustracions ; |c 23 x 6 cm | ||
| 650 | 0 | |a Diada de Sant Jordi |9 33552 | |
| 655 | 0 | |a Punts de llibre |9 52700 | |
| 710 | 1 | |a Barcelona (Catalunya : Província). |b Diputació |9 52408 | |
| 942 | |2 udc |c ARXIU |n 1 | ||
| 952 | |0 0 |1 0 |4 0 |6 NBM13135 |7 0 |9 61993 |a Arxiu |b Arxiu |d 2022-05-23 |l 0 |o NBM-13-135 |p 25609 |r 2022-05-23 00:00:00 |w 2022-05-23 |y ARXIU | ||
| 999 | |c 81712 |d 81712 | ||